000 00341nam a2200133Ia 4500
008 240624s9999 xx 000 0 und d
041 _aeng
082 _a658.4036 TES
100 _aWASIK JOHN F
245 _aLIGHTNING STRIKES TIMELESS LESSONS IN CR
260 _c2016
_aNew York
_bSterling
300 _axi, 275 p.; 23 cm.
365 _c
_b38
999 _c30574
_d30574